| 000 | 00357nam a2200145Ia 4500 | ||
|---|---|---|---|
| 005 | 20251222141915.0 | ||
| 008 | 251222s9999||||xx |||||||||||||| ||spa|| | ||
| 020 | _a968-880-179-8 | ||
| 082 | _a657.42/H76 | ||
| 100 | _aHorngren, Charles | ||
| 245 | 0 | _aContabilidad de Costos: | |
| 250 | _a6a.ed. | ||
| 264 | _bPRENTICE-HALL HISPANOAMERICANA | ||
| 942 | _cLIB | ||
| 999 |
_c8514 _d8514 |
||